00609cam a22001813a 450000100060000000300060000600500170001200800410002904000150007004200070008510000190009224501660011126000290027750600300030651600200033683000290035685600420038536487PGUSA20140828083805.0110621s2011||||xxu|||||s|||||000 | eng d aPGUSAbeng adc1 aWood, Henry C.14aThe Night Riders :bA Thrilling Story of Love, Hate and Adventure, Graphically Depicting the Tobacco Uprising in Kentuckyh[electronic resource] /cHenry C. Wood bProject Gutenberg,c2011 aPublic domain in the USA. aElectronic text 0aProject Gutenbergv3648740uhttp://www.gutenberg.org/ebooks/36487